[Event "Bundesliga 0203"]
[Site "Germany"]
[Date "2003.02.09"]
[Round "11.2"]
[White "Gustafsson, Jan"]
[Black "Khalifman, Alexander"]
[Result "1-0"]
[WhiteElo "2554"]
[BlackElo "2690"]
[Annotator "Ribli,Z"]
[PlyCount "69"]
[EventDate "2002.10.19"]
[EventType "team-tourn"]
[EventRounds "15"]
[EventCountry "GER"]
[SourceTitle "CBM 094"]
[Source "ChessBase"]
[SourceDate "2003.05.26"]
[SourceVersion "1"]
[SourceVersionDate "2003.05.26"]
[SourceQuality "1"]
[WhiteTeam "Hamburger SK"]
[BlackTeam "Porz"]
[WhiteTeamCountry "GER"]
[BlackTeamCountry "GER"]

1. Nf3 Nf6 2. c4 e6 3. Nc3 Bb4 4. Qc2 {Weiß verteidigt den Nc3, um nach 5.a3
mit der Dame auf c3 zuruecknehmen.} O-O 5. a3 Bxc3 6. Qxc3 b6 7. e3 Bb7 8. Be2
d6 9. O-O Nbd7 10. b4 Qe7 11. Bb2 {[%cal Gb2g7] Weiß hat das Läuferpaar,
besonders sein b2B ist stark. Andererseits hat Schwarz eine spielbare, feste
Stellung - ohne Schwächen.} c5 12. d3 {Diese auf den ersten Blick genuegsame
Fortsetzung ist die strategische Pointe des weißen Spiels - auf diese Weise
kontrolliert er das wichtige Zentrumsfeld e4.} Rfc8 {[%cal Gc8c3]} (12... Rfe8)
(12... Rac8) (12... a6) 13. b5 (13. Nd2 a6 14. a4 d5 15. bxc5 Qxc5 16. Bf3 Qc7
17. Qa3 dxc4 18. Bxb7 Qxb7 19. Nxc4 Rc6 20. Rab1 Qc7 21. Qa1 {1-0 Saric,
A-Groszpeter,A/Split 2002/EXT 2003 (49)}) 13... Nf8 {Schwarz bereitet den
Springerzug 13...Ng6 vor, aber die Alternative 13...a6 kommt stark in Betracht.
} (13... a6 14. a4 axb5 15. axb5 Qf8 (15... Qd8 16. Rab1 Qf8 17. Nd2 Ra7 18. f4
Rd8 19. e4 d5 20. Qc2 d4 21. Qd1 Qe7 22. Qe1 Ne8 23. Bc1 Ra2 24. Bf3 Nf8 25.
Kh1 Rda8 26. Bb2 {1-0 Rubinetti,J-Bielicki,C/ARG 1989/EXT 97 (59)}) 16. Rfd1
Rxa1 17. Rxa1 Ra8 18. Qe1 Qb8 19. Rxa8 Qxa8 20. Qa1 Qxa1+ 21. Bxa1 Kf8 {
1/2-1/2 Shchekachev,A-Bunzmann,D/Bethune 2001/CBM 85 ext (30)}) 14. a4 a5 {
Schwarz muss so spielen, sonst kommt 15.a5 - mit großem positionellen
Uebergewicht fuer Weiß.} 15. Rae1 Ng6 16. Nd2 $14 {[%cal Gf2f4,Ge3e4] Weiß
bereitet den Bauernzug f2 - f4 vor.} d5 {Gewoenlich ist es unlogisch die
Stellung zu oeffnen, wenn der Gegner das Läuferpaar hat, aber Schwarz moechte
nicht länger warten, sondern strebt aktives Spiel im Zentrum an.} 17. cxd5 (17.
f4 $5 Nh4 18. e4 $36 (18. cxd5 exd5 19. e4 $36)) 17... exd5 18. d4 Nh4 (18...
c4 19. f3 $14) 19. Bd3 $6 (19. g3 Nf5 20. dxc5 bxc5 21. Qe5 $14) 19... c4 (
19... Ne4 $5 20. Bxe4 dxe4 21. dxc5 Qg5 22. Qxg7+ Qxg7 23. Bxg7 Kxg7 24. c6
Bxc6 25. bxc6 Rxc6 26. Rc1 (26. Nxe4 Rc4 $11) 26... Rac8 27. Rxc6 Rxc6 28. Nxe4
Rc4 $11) 20. Bc2 Ne4 {Dieser Zug ist praktisch erzwungen, sonst Weiß kann f3
und e4 ziehen, mit Uebergewicht im Zentrum.} 21. Nxe4 dxe4 22. d5 {[%cal Rb2g7]
[%mdl 128] Mit diesem Zug oeffnet Weiß die lange Diagonale.} f5 23. f4 $5 exf3
(23... Bxd5 24. Rd1 Bb7 (24... Rd8 25. Rf2 Rd7 26. Rfd2 Rad8 27. Bb1 $1 {
[%cal Gb1a2,Ga2g8]} Be6 28. Rxd7 Rxd7 29. Rxd7 Qxd7 30. Qd4 Qc7 31. Qe5 $16)
25. Rd6 $16) 24. g3 $2 (24. Rd1 Qg5 (24... Re8 25. g3 $16) (24... fxg2 25. Rf4
$16) (24... Nxg2 25. Rxf3 $16) 25. g3 $16) 24... Ng2 25. Bxf5 {[%csl Gb2,Gf5]}
Bxd5 $2 $138 (25... Nxe1 $142 26. Bxc8 (26. Be6+ Kh8 27. Rxe1 $5 (27. d6 Qf8)
27... Rc7 28. Ba3 Qf6 29. Qxf6 gxf6 30. Kf2 $44) 26... Rxc8 27. Rxe1 Bxd5 $15)
26. e4 $1 $16 {[%cal Ge1e7,Ge4d5][%mdl 64] Mit diesem starkem Zug befestigt
Weiß seinen Vorteil.} Nxe1 (26... Bb7 27. Rc1 $18 {[%csl Rf3,Rg2]}) 27. exd5
Nd3 28. d6 {[%csl Gd6]} Qg5 (28... f2+ 29. Rxf2 Qe1+ 30. Qxe1 Nxe1 31. Be6+ Kh8
32. Bxc8 Rxc8 33. d7 Rd8 34. Re2 $18) 29. Bxc8 f2+ (29... Rxc8 30. d7 Rc7 31.
Qxg7+ $1 Qxg7 32. d8=Q+ Qf8 33. Qg5+ (33. Qxc7 $4 f2+ 34. Kg2 Ne1+ 35. Kh3 Qf5+
36. g4 (36. Kh4 Ng2#) 36... Qd3+ (36... Qf3+ $2 37. Qg3 $18) 37. Kh4 (37. Qg3
Qxf1+ $19) 37... Ng2+ $19) 33... Rg7 34. Qxg7+ Qxg7 35. Bxg7 f2+ 36. Rxf2 Nxf2
37. Kxf2 Kxg7 38. Ke3 $18) 30. Rxf2 $18 Nxf2 (30... Rxc8 31. d7 $18) 31. d7
Nh3+ 32. Kf1 Qf5+ 33. Kg2 Qf2+ 34. Kxh3 Qf1+ 35. Kh4 1-0

[Event "Pamplona 9293 3rd"]
[Site "Pamplona"]
[Date "1992.??.??"]
[Round "1"]
[White "Illescas Cordoba, Miguel"]
[Black "Garcia Ilundain, David"]
[Result "1/2-1/2"]
[WhiteElo "2600"]
[BlackElo "2435"]
[Annotator "Ribli,Z"]
[PlyCount "95"]
[EventDate "1992.12.??"]
[EventType "tourn"]
[EventRounds "9"]
[EventCountry "ESP"]
[EventCategory "13"]
[SourceTitle "CBM 033"]
[Source "ChessBase"]
[SourceDate "1993.04.01"]
[SourceVersion "1"]
[SourceVersionDate "1993.04.01"]
[SourceQuality "1"]

1. c4 Nf6 2. Nc3 e6 3. Nf3 b6 4. e4 Bb7 5. Bd3 c5 6. e5 (6. O-O d6 7. Bc2 e5 8.
Nd5 Be7 9. Ne1 Nc6 10. f4 exf4 11. Nxf4 O-O 12. d3 Nd7 $10 {Sokolov,I-Razuvaev,
Y Tilburg1 1992 CBM/32}) 6... Ng4 7. O-O (7. h3 Bxf3 8. Qxf3 Nxe5 9. Qxa8 Nxd3+
$44) 7... Nc6 (7... d6 8. Be4 Bxe4 9. Nxe4 Nc6 10. Qa4 $2 (10. d4 $5) 10... Qd7
11. exd6 Nge5 $1 $15 {Smejkal-Gulko Erevan 21/31}) 8. Be4 f5 9. exf6 Nxf6 10.
Bxc6 Bxc6 11. d4 Bxf3 $1 (11... cxd4 12. Nxd4 Bb7 13. Qa4 $1 (13. Bf4 $6 Be7
14. Qe2 O-O 15. Bg3 Qe8 16. Rad1 Qg6 $10 {Smejkal,J-Marjanovic,S Trnava-A 1987}
) 13... Qc8 14. Re1 Kf7 15. Bf4 Bc5 16. Ncb5 Ne8 17. Rad1 $14 {Gulko-Balashov
URS 1978 26/23}) 12. Qxf3 cxd4 13. Nb5 Rc8 14. Bf4 (14. b3 a6 15. Nxd4 Bc5 16.
Be3 O-O 17. Qe2 b5 18. cxb5 Qb6 19. Qd2 axb5 20. b4 Bxd4 21. Bxd4 Qb7 $10 {
Georgiev,Ki-Anand,V Manila izt 1990 CBM/19 49/(16)}) 14... Rxc4 $5 (14... a6
15. Nxd4 Rxc4 16. Rfd1 $44 {Speelman,J-Short,N Barcelona WCup 1989 CBM/12 47/18
}) 15. Rac1 Rc5 16. Qb7 Kf7 (16... Be7 $2 17. Bc7 $18) 17. Nxd4 (17. Nd6+ Bxd6
18. Bxd6 Qc8 $1 19. Qxc8 Rcxc8 $19) 17... Be7 18. Nf3 Re8 19. Rxc5 bxc5 20. Rd1
Kg8 21. Ne5 Qc8 22. Qxc8 (22. Qxa7 $5) 22... Rxc8 23. Nxd7 Nd5 24. Bg3 c4 $10
25. Re1 Kf7 26. Ne5+ Ke8 27. h3 Bf6 28. Re2 c3 $1 29. bxc3 Rxc3 30. Ng4 Kd7 31.
Nxf6+ gxf6 32. Re4 Ra3 33. Rh4 e5 34. Rxh7+ Ke6 35. h4 a5 36. h5 Ne7 $1 37. f3
Rxa2 38. Bf2 Rc2 39. Rh8 Rc8 40. Rxc8 Nxc8 41. Bc5 a4 42. Kf2 Ne7 43. h6 Ng6
44. Ke3 f5 45. Ba3 Kf6 46. Bb2 Kg5 47. h7 Kh6 48. Bxe5 1/2-1/2

[Event "EU-ch 1st"]
[Site "Saint Vincent"]
[Date "2000.07.12"]
[Round "9"]
[White "Gdanski, Jacek"]
[Black "Drei, Andrea"]
[Result "1-0"]
[WhiteElo "2557"]
[BlackElo "2350"]
[Annotator "Ribli,Z"]
[PlyCount "69"]
[EventDate "2000.07.03"]
[EventType "swiss"]
[EventRounds "11"]
[EventCountry "ITA"]
[SourceTitle "CBM 078"]
[Source "ChessBase"]
[SourceDate "2000.10.18"]
[SourceVersion "1"]
[SourceVersionDate "2000.10.18"]
[SourceQuality "1"]

1. Nf3 Nf6 2. g3 b6 3. Bg2 Bb7 4. O-O e6 (4... g6 {Auf diese Weise kann
Schwarz die sogenannte Doppelfianchetto Variante spielen.}) 5. c4 Be7 6. Nc3
O-O 7. Re1 {Dieser Zug ist in letzter Zeit sehr populär - Weiß möchte sofort 8.
e4 und erst später d4 ziehen.} (7. d4 {Durch Zugumstellung haben wir die
Grundstellung der 4.g3 b6 5.Bg2 Bb7 - Variante der Damenindischen Verteidigung
erreicht. (Die gewöhnliche Zugfolge ist 1.d4 Nf6 2.c4 e6 3.Nf3.)}) 7... Ne4 {
Dieser Zug wird relativ selten gespielt. Schwarz verhindert damit den Zug 8.e4.
} (7... d5) (7... c5) 8. Nxe4 Bxe4 9. d3 Bb7 10. d4 (10. e4 $5 {Dieser Zug
verhindert den schwarzen Plan, gegen den Punkt e4 zu spielen, aber in diesem
Fall kann Schwarz gut mit 10...c5 fortsetzen.}) 10... Be4 {[%csl Ge4] Schwarz
kontrolliert das wichtige Zentrumsfeld auf e4 und möchte mit 11...d5 sofort
Ausgleich erreichen.} 11. Bh3 {Das ist ein bekanntes Motiv - Weiß möchte den
Be4 anschließend mit Nd2 verjagen und seinen weißfeldrigen Läufer auf dem
Brett halten (und in einigen Varianten verhindert der Bh3 den Zug Bf5).} (11.
Bf1 $6 c5 $5 12. Nd2 Bc6 13. dxc5 bxc5 14. b3 a5 $1 $36 15. Bb2 a4 16. e4 Na6
17. Qg4 f6 18. Qd1 Nb4 19. a3 $6 Na6 20. Bc3 axb3 21. Qxb3 Nc7 {0-1 Sokolin,
L-Tiviakov,S/New York 1998/CBM 64/[Ribli] (41)}) (11. Nh4 Bxg2 12. Nxg2 d5 $1 (
12... d6 13. e4 Nd7 14. d5 $6 (14. Ne3 $14) 14... Bf6 15. Nf4 Qe7 16. a4 a5 17.
Nh5 Rfe8 18. Ra3 Qf8 19. f4 Bd8 20. g4 g6 21. Ng3 Bf6 22. Rf3 Bg7 23. b3 Qe7
24. g5 Nc5 25. Kg2 Qd7 26. Bd2 {1-0 Vaganian,R-Dokhoian,Y/Tilburg 1994/CBM 44 
(60)}) 13. Qa4 dxc4 14. Qxc4 c5 15. dxc5 Bxc5 16. Be3 Nd7 {1/2-1/2 Savchenko,
S-Tiviakov,S/World Cities 1997}) (11. Bf4 $5 Bf6 12. Qd2 d6 13. Rad1 Nd7 14.
Qe3 d5 $6 (14... Bb7 15. Qd3 g6 $10) 15. b4 $14 c6 16. Rc1 b5 $5 17. cxb5 cxb5
18. Bc7 {1/2-1/2 Hjartarson,J-Stefansson,H/Reykjavik 1995/CBM 51/[Hjartarson] 
(27)}) 11... Nc6 (11... c5 12. d5 exd5 13. Nd2 Bf6 14. Nxe4 dxe4 15. Bf5 Re8
16. Rb1 Qe7 17. Bf4 Nc6 18. Qxd7 Nd4 19. Qxe7 Rxe7 20. Bg4 g6 21. Bd6 {1/2-1/2
Kogan,A-Ikonnikov,V/Paris 1998/EXT 2000 (21)}) (11... d5 $5) 12. Nd2 {[%mdl 32]
} (12. Bf4 d5 $11) 12... Bg6 13. d5 (13. e3 $6 Nb4 $11) 13... exd5 14. cxd5 Nd4
$6 {Der Springer steht scheinbar aktiv auf d4, aber in Wirklichkeit kann Weiß
im Folgenden e3 ziehen und den Springer vertreiben..} (14... Nb4 $5 15. e4 Nd3
16. Re3 Nxc1 17. Rxc1 Bc5 $11) 15. Ne4 (15. e4 Re8 $11 (15... c5)) 15... c5 (
15... Bxe4 16. Qxd4 Bg6 17. Qa4 $14 {[%cal Ra4d7,Rh3d7]}) 16. Bg2 {Der weiße
Läufer muss auf g2 stehen. Auf den ersten Blick scheint Schwarz aktives
Figurenspiel zu haben, aber der weiße Zentrumsvorteil ist von größerer
Bedeutung.} d6 17. e3 $14 {Dank seines Raumvorteil im Zentrum steht Weiß etwas
aktiver.} Nb5 18. Nd2 {[%cal Gd2c4] Der Springer zielt nach c4, zugleich macht
Weiß den Weg für seinen e-Bauern frei.} f5 (18... Re8) 19. Nc4 {[%csl Gc4]} Nc7
20. a4 {Weiß möchte für den Fall von b7-b5 die a-Linie öffnen. Das ist eine
gute Idee, aber b6-b5 schwächt - nach Na5 - auch das Feld c6.} (20. Bd2 b5 21.
Na5 $14 {[%cal Ga5c6]}) 20... Qd7 21. Bd2 (21. b3 Bf6 $11) 21... Rab8 (21...
Bf6 22. Bc3 Bxc3 23. bxc3 $11) 22. Bc3 Bf7 (22... a6 23. a5 b5 24. Nb6 Qd8 25.
b4 $14) 23. Qd2 (23. b4 cxb4 24. Bxb4 Na6 $11 {[%cal Ga6c5]}) 23... b5 (23...
Rfe8) 24. axb5 Nxb5 25. Ra6 {[%csl Ga6] Es droht noch nichts, aber Weiß hat
spürbar das bessere Figurenspiel.} Nxc3 $2 {[%mdl 16384] Nach diesem Tausch
hat Schwarz zwar das Läuferpaar, aber in dieser konkreten Stellung wäre es
besser, den Nb5 auf dem Brett zu halten, weil nun der Pa7 schwach wird.} 26.
bxc3 $5 {Nach diesem Zug steht der weiße Bauer viel sicherer als zuvor auf b2.}
(26. Qxc3 $14) 26... Qb5 $2 (26... Rb7 27. Rea1 $14) 27. Rxa7 Qxc4 28. Rxe7 {
Weiß hat einen gesunden Mehrbauern. Die Verwertung dieses Vorteils ist jedoch
nicht leicht, weil er (noch) keinen Freibauern besitzt.} Rb3 (28... Rfd8 29. e4
fxe4 30. R7xe4 Qb3 31. Re7 $16) 29. Rd7 Rxc3 30. Bf1 (30. Rxd6 Rc2) 30... Qb3 (
30... Rc2 31. Bxc4 Rxd2 32. Rxd6) 31. Rxd6 $16 {Jetzt ist der weiße Pd5 sehr
stark. Die Attacke der schweren Artillerie von Schwarz ist leicht abzuwehren.}
Ra8 (31... Rc2 32. Qd1 $16) 32. Rd7 Be8 33. Re7 Kf8 (33... Ra2 34. Qd1 (34.
Rxe8+ Kf7) 34... Qxd1 35. Rxd1 $18 {[%csl Gd5][%cal Rd5d6]}) 34. d6 Ra2 $6 (
34... Bc6 35. e4 $18 {[%csl Rf8][%cal Rd2g5,Rg5g7]}) 35. d7 $1 (35. d7 Kxe7 36.
d8=Q+ $18) 1-0

[Event "Corus"]
[Site "Wijk aan Zee"]
[Date "2000.01.20"]
[Round "5"]
[White "Van Wely, Loek"]
[Black "Adams, Michael"]
[Result "0-1"]
[WhiteElo "2646"]
[BlackElo "2715"]
[Annotator "Ribli,Z"]
[PlyCount "152"]
[EventDate "2000.01.15"]
[EventType "tourn"]
[EventRounds "13"]
[EventCountry "NED"]
[EventCategory "18"]
[SourceTitle "CBM 075"]
[Source "ChessBase"]
[SourceDate "2000.04.05"]
[SourceVersion "1"]
[SourceVersionDate "2000.04.05"]
[SourceQuality "1"]

1. Nf3 Nf6 2. c4 e6 3. Nc3 Bb4 4. Qc2 {Die Hauptidee dieser Fortsetzung von
Weiß ist, sich das Läuferpaar zu verschaffen. Da Weiß in den folgenden Zügen
nicht d2-d4 spielt, kann Schwarz kein Spiel gegen den Punkt e4 entwickeln.} O-O
5. a3 Bxc3 6. Qxc3 b6 7. b4 {Ich möchte anmerken, dass der Alternativzug 7.d4
in die Nimzoindische Verteidigung. übrgeleitet hätte.} a5 8. Bb2 (8. b5 $5 $14
{Dieser Raumgewinn erscheint mir logisch - Schwarz kann die Stellung jetzt
nicht so leicht vereinfachen.}) 8... d6 (8... axb4 9. axb4 Rxa1+ 10. Bxa1 c5 (
10... Bb7 11. e3 c5 12. Be2 d6 13. O-O Nc6 14. b5 Ne7 15. Bb2 Ng6 16. d3 e5 17.
Ra1 Qb8 18. Nd2 Rd8 19. Bf1 h6 20. Qc2 Nd7 21. g3 Ndf8 22. Bh3 Nh7 23. e4 Ng5
24. Bg2 Ne6 25. Nf1 Nd4 {1/2-1/2 Chuchelov,V-Kosten,A/Germany 1997/EXT 99 (59)}
) 11. e3 d6 $5 (11... Nc6 12. b5 Ne7 13. Be2 d5 14. O-O Bb7 15. d3 $14 {
1-0 Timman,J-Nikolic,P/Beograd 1987/Inf 44 (42)}) (11... Qe7 12. b5 Bb7 13. Be2
d6 14. O-O Nbd7 15. Bb2 Ra8 16. d3 Qf8 17. Nd2 Ra2 18. f4 Qa8 19. g4 Qa5 {
1/2-1/2 Kramnik,V-Nikolic,P/Linares 1997/CBM 57 (41)}) 12. Be2 e5 13. d3 Re8
14. O-O Nc6 15. bxc5 bxc5 16. h3 Bd7 17. Qd2 Qb6 18. Nh4 Ra8 19. Bc3 Qb3 20.
Ra1 Rxa1+ {1/2-1/2 Kramnik,V-Anand,V/Dortmund 73/(17) 1998/Inf 73 (20)}) 9. g3
(9. b5 $5 $14) 9... axb4 10. axb4 Rxa1+ 11. Bxa1 c5 $5 {Schwarz entwickelt
nicht den Bc8, sondern strebt eine schwarzfeldrige Blockadestellung und damit
die Einschränkung des weißen Ba1an.} (11... Bb7 12. Bg2 Nbd7 13. O-O Qe7 (13...
c5 14. d4 (14. d3 $5) 14... Qc7 15. Rd1 cxb4 16. Qxb4 Rc8 17. Nd2 Ba6 18. e3 d5
19. cxd5 Nxd5 20. Qb3 Qc2 21. Qxc2 Rxc2 22. Ne4 h6 23. h3 Kf8 24. g4 Be2 25.
Rd2 Rxd2 26. Nxd2 b5 {0-1 Budnikov,A-Kholmov,R/Voronezh 1988/EXT 99 (69)}) 14.
d3 Ra8 15. e4 Qd8 16. Nd2 Ra4 17. Nb3 c5 18. bxc5 bxc5 19. Rb1 Qa8 20. Qc1 Ra2
21. Bc3 Bc6 22. Qe1 e5 23. Na5 Ba4 24. Ra1 Rxa1 25. Qxa1 Bc2 26. Bf1 Qb8 27.
Nc6 Qb7 28. Ne7+ Kf8 29. Nf5 $14 {1-0 Ftacnik,L-Kholmov,R/Palma de Mallorca
1989/TD (64)}) 12. Bg2 e5 13. O-O (13. b5 $5 $14 {Mit diesem Zug verhindert
Weiß 13...Nc6 und steht dank seines Raumvorteils und des Läuferpaares etwas
besser.}) 13... Nc6 14. b5 $6 (14. bxc5 bxc5 15. Rb1 $14) 14... Nd4 $1 $13 {
Der schwarze Springer steht ausgezeichnet auf d4. Früher oder später muss Weiß
ihn tauschen, und danach ist der Ba1 weitgehend eingeschlossen.} 15. Nxd4 (15.
Re1 Bb7) 15... cxd4 (15... exd4 16. Qc2 $14) 16. Qb4 Qc7 {[%csl Yc5]} 17. e3 (
17. d3 Qc5 18. Qb3 d5 19. cxd5 Bb7 $13) 17... Qc5 $1 (17... d3 18. f4 $36) 18.
Qxc5 dxc5 {[%csl Ra1] Der Ba1 spielt eine passive Rolle.} 19. f4 {Es ist
verstaendlich, dass Weiss - mit Lauferpaar - moechte die Stellung oeffnen.}
dxe3 20. fxe5 (20. dxe3 Be6 $13) 20... exd2 $1 {[%mdl 64] [#]} 21. h3 (21. exf6
Bg4 $17) 21... Rd8 22. Rd1 (22. Bf3 Bxh3 $19) 22... Ng4 $1 23. Bc3 (23. hxg4
Bxg4 $19) 23... Ne3 24. Rxd2 Rxd2 25. Bxd2 Nxg2 {Eine interessante
Entscheidung - gewönlich ist die Remiswahrscheinlichkeit in Endspielen mit
ungleichfarbigen Läufern hoch.} (25... Nxc4 26. Bf4 Bd7 $5) 26. Kxg2 Kf8 $1 {
[%mdl 4096] Schwarz muss sich nicht mit Bc8-e6 beeilen. Zuerst unterbindet er
das Manöver Bg5-Bd8.} (26... Be6 27. Bg5 Bxc4 28. Bd8 Bxb5 29. Bxb6 c4 30. Bd4
$15) 27. e6 {Weiß opfert den Bauern, um die schwarzen Bauern am Damenflügel
anzugreifen.} Bxe6 28. Bf4 Bxc4 29. Bc7 Ke7 $5 (29... Bxb5 30. Bxb6 c4 31. Bc5+
$17) 30. Kf3 (30. Bxb6 Kd6) 30... Bxb5 31. Bxb6 Kd6 $17 {Schwarz hat zwei
Bauern mehr. Wegen der ungleichfarbigen Läufer hat Weiß Rettungschancen.} 32.
h4 {Fruher, oder spaeter Weiss muss so spielen.} Kd5 33. Ke3 Bd7 34. Bd8 Kd6
35. Ba5 h6 36. Kf4 f6 {Das ist eine gute Strategie - der Laufer kontrolliert
die weißen Felder, die Bauern die schwarzen.} 37. Bd8 Ke6 38. Ke4 Bc6+ 39. Kd3
Bb5+ 40. Ke4 Bd7 {Schwarz hat viel Zeit - durch Zugwiederholungen untergräbt
er die Aufmerksamkeit seines Gegners.} 41. Kd3 Kd6 42. Ke4 Bg4 43. Kf4 Bd1 44.
Ke3 Bc2 45. Kd2 Bb1 46. Ke3 Ke6 {Schwarz erreicht noch etwas: Der c-Bauer kann
vorangehen. Ich möchte nochmals anmerken, dass der Läufer die weißen Felder
kontrolliert, während die Bauern Kontrolle über die schwarzen Felder ausüben.}
47. Bb6 c4 48. Bd4 Kf5 {[%cal Gf5g4] Schwarz hat einen klaren Plan, er möchte
mit dem König am Königsflügel eindringen.} 49. Bc3 Bc2 50. Kf3 Bd1+ 51. Ke3 g5
52. Bb2 Bh5 53. Bc3 Bf7 54. Kf3 Bd5+ 55. Kf2 Bc6 56. Ke3 Ba4 57. Kf3 Bd1+ {
Wir haben dieselbe Stellung, wie nach 50...Bd1+.} 58. Ke3 Kg6 59. Kd4 $6 (59.
Bd4 $17) 59... Be2 60. Bb4 Kh5 61. Bf8 (61. hxg5 hxg5 $17) 61... f5 62. Ke5 Bd3
63. hxg5 hxg5 64. Ba3 Kg4 {[%csl Gg4] Schwarz muss vorsichtig sein - das
Material ist reduziert, er muss exakt spielen, um seinen Vorteil zu
realisieren.} 65. Bc1 Be2 66. Bd2 (66. Kd4 Kxg3 67. Bxg5 f4 $19) 66... Bd1 (
66... Kxg3 67. Bxg5 Kg4) 67. Kd4 Bb3 68. Ke5 Ba2 69. Bc1 c3 {Wegen Zugzwang
kann Schwarz mit dem c-Bauern vorhangehen.} 70. Kd4 c2 71. Ke5 Bb3 72. Bd2 Ba4
73. Bc1 Bd7 $19 {Schwarz steht auf Gewinn - er muss zuerst den Pf5 verteidigen,
anschließend kann er auf g3 nehmen.} 74. Bd2 Kxg3 75. Bxg5 Kf3 {[%cal Rf3e2,
Re2d1] Der schwarze König zielt nach d1, wo er eine Figur gewinnen wird.} 76.
Bc1 Ke2 {Weiß muss aufgeben - mit 77...Kd1 gewinnt Schwarz die Figur.} 0-1

[Event "Belgrade"]
[Site "Belgrade"]
[Date "1993.??.??"]
[Round "2"]
[White "Kramnik, Vladimir"]
[Black "Romanishin, Oleg M"]
[Result "1-0"]
[WhiteElo "2710"]
[BlackElo "2615"]
[Annotator "Ribli,Z"]
[PlyCount "81"]
[EventDate "1993.??.??"]
[EventType "tourn"]
[EventRounds "9"]
[EventCountry "YUG"]
[EventCategory "16"]
[SourceTitle "CBM 039"]
[Source "ChessBase"]
[SourceDate "1994.04.01"]
[SourceVersion "1"]
[SourceVersionDate "1994.04.01"]
[SourceQuality "1"]

1. Nf3 Nf6 2. c4 e6 3. Nc3 Bb4 4. Qc2 c5 5. a3 Ba5 6. g3 Nc6 7. Bg2 Bxc3 (7...
d5 $6 8. Na4 $1 $14 {Illescas Cordoba,M-Danoso,R/Lisboa zt/1993/CBM35/}) (7...
O-O $5) 8. Qxc3 Qa5 9. b4 $5 (9. Qc2 $5) 9... cxb4 10. axb4 Qxb4 11. Qxb4 Nxb4
12. Nd4 d5 (12... e5 13. Ba3 exd4 14. Bxb4 $16) 13. Ba3 Nc6 14. Nb5 $44 Kd7 15.
Nd6 Rf8 16. Rc1 b6 17. g4 $1 Ne7 (17... Nxg4 18. cxd5 exd5 19. Bxd5 Nge5 20. f4
$18) 18. g5 Nfg8 (18... Ne8 19. cxd5 Nxd6 20. dxe6+ $18) 19. cxd5 Nxd5 20. Nb5
Ba6 (20... Rd8 21. Nc7 $1 Nxc7 $2 22. Bc6#) 21. Nc7 $1 Bb7 (21... Nxc7 22. Bc6+
$18) 22. Nxd5 Bxd5 23. Bxd5 exd5 24. Bxf8 Rxf8 25. Rg1 Ne7 26. Rg3 Nc6 27. Rgc3
Rc8 28. Rh3 Rh8 29. Rhc3 Rc8 30. d4 a5 31. f3 Ne7 (31... b5 32. Rc5 $18) 32.
Kd2 Rxc3 33. Kxc3 b5 34. Kb2 Nf5 35. Rc5 $1 Ke6 (35... Kd6 36. e4 $1 Nxd4 37.
Rxd5+ $18) 36. Kc3 Nd6 37. Kd3 a4 38. Kc3 a3 39. Rc6 Kd7 40. Ra6 Nc4 41. Kb4
1-0